| 000 | 00691pam a2200193 a 4500 | ||
|---|---|---|---|
| 020 | _a0071459324 (pbk.) | ||
| 050 | 0 | 0 |
_aQA276.19 _b.S74 2006 |
| 100 | 1 | _aStephens, Larry J. | |
| 245 | 1 | 0 |
_aSchaum's outline of theory and problems of beginning statistics / _cLarry J. Stephens. |
| 250 | _a2nd ed. | ||
| 260 |
_aNew York [USA] : _bMcGraw-Hill, _cc2006. |
||
| 300 | _axiii, 413 p. : | ||
| 500 | _aIncludes index. | ||
| 650 | _bMathematical statistics | ||
| 856 | 4 | 1 | _uhttp://www.loc.gov/catdir/toc/fy0705/2006275946.html |
| 856 | 4 | 2 | _uhttp://www.loc.gov/catdir/enhancements/fy0668/2006275946-b.html |
| 856 | 4 | 2 | _uhttp://www.loc.gov/catdir/enhancements/fy0668/2006275946-d.html |
| 942 | _cGEN | ||
| 999 |
_c2603 _d2603 |
||